Mythical Figures by Picture Clue #1 - Statistics

General Stats
  • This quiz has been taken 72 times
  • The average score is 8 of 20
Answer Stats
Brand % Correct
Saturn
83%
Nike
73%
Atlas
70%
Poseidon
70%
Aurora
58%
Europa
53%
Mars
53%
Medusa
50%
Apollo
38%
Hermes
34%
Mermaid
31%
Ajax
30%
Helios
30%
Narcissus
30%
Dragon
28%
Thor
28%
Phoenix
13%
Aegeus
9%
Hercules
5%
Genie
0%
No matching quizzes found
Score Distribution
Percent of People with Each Score
Percentile by Number Answered
Your Score History
You have not taken this quiz